Metodologia de la investigacion/ (Registro nro. 9677)
[ vista simple ]
| 000 -LEADER | |
|---|---|
| fixed length control field | 01466nam a2200217Ia 4500 |
| 005 - FECHA Y HORA DE LA ÚLTIMA TRANSACCIÓN | |
| control field | 20231009151055.0 |
| 008 - FIXED-LENGTH DATA ELEMENTS--GENERAL INFORMATION | |
| fixed length control field | 231006s9999 xx 000 0 und d |
| 020 ## - INTERNATIONAL STANDARD BOOK NUMBER | |
| International Standard Book Number | 9701057538 |
| 040 ## - CATALOGING SOURCE | |
| Original cataloging agency | UPAN |
| Transcribing agency | Biblioteca San Vicente |
| Description conventions | RCAA2 |
| 041 ## - LANGUAGE CODE | |
| Language code of text/sound track or separate title | spa |
| 082 ## - DEWEY DECIMAL CLASSIFICATION NUMBER | |
| Classification number | 001.42 |
| Item number | H476m. |
| año de publicación | 1998 |
| 100 ## - MAIN ENTRY--PERSONAL NAME | |
| Personal name | Hernandez Sampieri, Roberto |
| Relator code | aut. |
| 245 #0 - TITLE STATEMENT | |
| Title | Metodologia de la investigacion/ |
| Remainder of title | Roberto Hernandez Sampieri |
| 250 ## - EDITION STATEMENT | |
| Edition statement | 4° ed. |
| 260 ## - PUBLICATION, DISTRIBUTION, ETC. (IMPRINT) | |
| Place of publication, distribution, etc | Mexico, D. F.: |
| Name of publisher, distributor, etc | McGrawHill, |
| Date of publication, distribution, etc | 2006 |
| 300 ## - PHYSICAL DESCRIPTION | |
| Extent | 502 p.; |
| Dimensions | 24 cm. |
| 505 ## - FORMATTED CONTENTS NOTE | |
| Formatted contents note | Capitulo 1. La idea: Nace un proyecto de investigación <br/>Capitulo 2. Planteamiento del problema: Objetivos, preguntas de investigación y justificación del estudio <br/>Capitulo 3. La elaboración del marco teórico: Revisión de la literatura y construcción de una perspectiva teórica<br/>Capitulo 4. Definición del tipo de investigación a realizar: Básicamente exploratoria, descriptiva, correlacional o explicativa <br/>Capitulo 5. Formulación de hipótesis<br/>Capitulo 6. Diseños experimentales de investigación: Preexperimentos, experimentos verdaderos y cuasiexperimentos <br/>Capitulo 7. Diseños no experimentales de investigación<br/>Capitulo 8. ¿ Como seleccionar una muestra?<br/>Capitulo 9. Recolección de los datos <br/>Capitulo 10. Análisis de los datos <br/>Capitulo 11. Elaboración del reporte de investigación |
| 650 ## - SUBJECT ADDED ENTRY--TOPICAL TERM | |
| Source of heading or term | LEMB |
| Topical term or geographic name as entry element | Investigación |
| General subdivision | Metodología |
| 9 (RLIN) | 3 |
| 700 ## - ADDED ENTRY--PERSONAL NAME | |
| Personal name | Carlos Fernandez-Collado |
| Relator code | col. |
| 942 ## - ADDED ENTRY ELEMENTS (KOHA) | |
| Koha item type | Libros |
| Source of classification or shelving scheme | Dewey Decimal Classification |
| Withdrawn status | Lost status | Source of classification or shelving scheme | Damaged status | Not for loan | Collection code | Home library | Current library | Date acquired | Total Checkouts | Full call number | Barcode | Date last seen | Copy number | Price effective from | Koha item type |
|---|---|---|---|---|---|---|---|---|---|---|---|---|---|---|---|
| Dewey Decimal Classification | Colección General | Biblioteca UPAN San Vicente | Biblioteca UPAN San Vicente | 06/10/2023 | 001.42 H476m. | 12000010 | 06/10/2023 | 01 | 06/10/2023 | Libros |